Výpočet rizikového koeficientu pre riziko koncentrácie trhových rizík v režime Solventnosť II

Využitie softvérovej aplikácie MS Excel pri výpočte rizikového koeficientu pre riziko koncentrácie trhových rizík, ktorý je dôležitý pri určení kapitálovej požiadavky na solventnosť pre toto riziko.

Guardado en:
Detalles Bibliográficos
Autor principal: Krátka, Zuzana, 1968-
Formato: Capítulo de libro
Lenguaje:eslovaco
Materias:
Etiquetas: Agregar Etiqueta
Sin Etiquetas, Sea el primero en etiquetar este registro!

MARC

LEADER 00000nla a2200000 4500
001 0224213
005 20240502073654.2
041 0 |a slo 
044 |a SK 
245 1 0 |a Výpočet rizikového koeficientu pre riziko koncentrácie trhových rizík v režime Solventnosť II  |c Zuzana Krátka 
520 |a Využitie softvérovej aplikácie MS Excel pri výpočte rizikového koeficientu pre riziko koncentrácie trhových rizík, ktorý je dôležitý pri určení kapitálovej požiadavky na solventnosť pre toto riziko. 
610 2 0 |a riziko trhové 
610 2 0 |a riziko poistné 
610 2 0 |a solventnosť 
610 2 0 |a primeranosť kapitálová 
610 2 0 |a poisťovníctvo 
610 2 0 |a metódy aktuárske 
610 2 0 |a softvér 
100 1 |a Krátka, Zuzana, 1968-